00872cam a2200277 45000010008000000030007000080050017000150080041000320200047000730400029001200410008001490420009001570840020001661000019001862450115002052460035003202460038003552500013003932600040004063000047004464900016004935000011005095040030005206500022005506500022005722524841YEEZEN20250729145027.0250321s2025 ch ad e b 000 0 chi d a9786264191630q(平裝) :c新臺幣450元 aSANbchic桃市圖eCCR0 achi anbic a416.6132ncsclt1 a許嘉麟e著10a自己的肩痛自己救 :b圖解五十肩保健與治療 : 你的肩膀保固期只有40年! /c許嘉麟著10a圖解五十肩保健與治療10a你的肩膀保固期只有40年! a[二版] a臺北市 :b時報文化,c2025.01 a271面 :b部份彩圖, 表格 ;c21公分0 aCare ;v93. a新版 a參考書目: 面269-271. 7a冷凍肩2lcstt. 7a健康法2lcstt.